书目信息 |
| 题名: |
公路车桥耦合振动理论与应用
|
|
| 作者: | 邓露 , 王维 , 孔? , 蔡春声 著 | |
| 分册: | ||
| 出版信息: | 北京 科学出版社 2020.03 |
|
| 页数: | 155页 | |
| 开本: | 26cm | |
| 丛书名: | ||
| 单 册: | ||
| 中图分类: | U211.3 | |
| 科图分类: | ||
| 主题词: | 车桥耦合振动--che qiao ou he zhen dong--研究 | |
| 电子资源: | ||
| ISBN: | 978-7-03-064555-5 | |
| 000 | 01066nam0 2200289 450 | |
| 001 | 012000061061 | |
| 005 | 20201024210217.0 | |
| 010 | @a978-7-03-064555-5@dCNY82.00 | |
| 100 | @a20200611d2020 em y0chiy50 ea | |
| 101 | 0 | @achi |
| 102 | @aCN@b110000 | |
| 105 | @aak a 000yy | |
| 106 | @ar | |
| 200 | 1 | @a公路车桥耦合振动理论与应用@Agong lu che qiao ou he zhen dong li lun yu ying yong@f邓露 ... [等] 著 |
| 210 | @a北京@c科学出版社@d2020.03 | |
| 215 | @a155页@c图@d26cm | |
| 304 | @a题名页题其余责任者: 王维, 孔?, 蔡春声 | |
| 320 | @a有书目 (第148-155页) | |
| 330 | @a本书将首先介绍公路车桥耦合振动的现状, 接着介绍动力学方程的建立及求解方法, 并提供一个实例分析 ; 然后分章介绍车桥耦合振动在动力冲击系数、桥梁结构损伤识别、桥梁疲劳分析等工程实践方面的应用。 | |
| 606 | 0 | @a车桥耦合振动@Ache qiao ou he zhen dong@x研究 |
| 690 | @aU211.3@v5 | |
| 701 | 0 | @a邓露@Adeng lou@4著 |
| 701 | 0 | @a王维@Awang wei@4著 |
| 701 | 0 | @a孔?@Akong@4著 |
| 701 | 0 | @a蔡春声@Acai chun shen@4著 |
| 801 | 0 | @aCN@c20200611 |
| 905 | @a河南城建学院图书馆@dU211.3@f2@eD298 | |
| 公路车桥耦合振动理论与应用/邓露 ... [等] 著.-北京:科学出版社,2020.03 |
| 155页:图;26cm |
| ISBN 978-7-03-064555-5:CNY82.00 |
| 本书将首先介绍公路车桥耦合振动的现状, 接着介绍动力学方程的建立及求解方法, 并提供一个实例分析 ; 然后分章介绍车桥耦合振动在动力冲击系数、桥梁结构损伤识别、桥梁疲劳分析等工程实践方面的应用。 |
| ● |
| 相关链接 |
|
|
|
正题名:公路车桥耦合振动理论与应用
索取号:U211.3/D298
 
预约/预借
| 序号 | 登录号 | 条形码 | 馆藏地/架位号 | 状态 | 备注 |
| 1 | 1496676 | 214966768 | 自科库501/501自科库 49排3列5层/ [索取号:U211.3/D298] | 在馆 | |
| 2 | 1496677 | 214966777 | 自科库501/501自科库 49排3列5层/ [索取号:U211.3/D298] | 在馆 |